000 00401nam a2200169Ia 4500
001 4770
003 IN-NITTTR
005 20251114233003.0
008 251113s9999||||xx |||||||||||||| ||eng||
040 _beng
040 _cIN-NITTTR
041 _aeng
082 _a621.384135 W672A
100 _aWilliams, H. Paul
245 0 _aAntenna :
_b theory and design. /
_cWilliams, H. Paul
942 _2ddc
_cBK
999 _c7407
_d7407